mysqli: Table './ulib62015/stat_globaluid' is marked as crashed and should be repaired
select id from stat_globaluid where statuid='20260518004958_1030'
mysqli: Table './ulib62015/stat_globaluid' is marked as crashed and should be repaired
DELETE FROM stat_globaluid
WHERE id NOT IN (
SELECT id
FROM (
SELECT id
FROM stat_globaluid
ORDER BY id DESC
LIMIT 100
) foo
);
mysqli: Table './ulib62015/stat_globaluid' is marked as crashed and should be repaired
insert into stat_globaluid set
statuid='20260518004958_1030',
dt='1779040198',
phpself='/ULIB62015/dublinfull.php',
agent='Mozilla/5.0 AppleWebKit/537.36 (KHTML, like Gecko; compatible; ClaudeBot/1.0; +claudebot@anthropic.com)',
yea='2026',
mon='5',
dat='18',
ip='216.73.216.45'
mysqli: Table './ulib62015/stathist_viewbib_bib_type' is marked as crashed and should be repaired
insert into stathist_viewbib_bib_type set
dat='18' ,
mon='05' ,
yea='2026' ,
statuid='20260518004958_1030' ,
head='25275' ,
foot='marc' ,
dt='1779040198'
| LEADER : 01174nam 2200277 a 4500 |
| 001 25275 |
| 003 ULIB |
| 008 030417s2527 caua sb 001 0 tha |
| 020 ^a974563502
|
| 060 4 ^aQT4^bก253ส 2527
|
| 100 1 ^aกรีน, เจ.เอช
|
| 245 10 ^aสรีรวิทยาคลินิกขั้นพื้นฐาน =^bBasic clinical physiology /^cเจ. เอช. กรีน, เขียน ;^cจีรศักดิ์ นพคุณ, ผู้แปล
|
| 246 31 ^aBasic clinical physiology
|
| 250 ^aพิมพ์ครั้งที่ 1
|
| 260 ^aกรุงเทพฯ :^bสำนักพิมพ์จุฬาลงกรณ์มหาวิทยาลัย,^c2527.
|
| 300 ^a434 หน้า ;^c26 ซม.
|
| 650 4 ^aสรีรวิทยา
|
| 700 0 ^aจีรศักดิ์ นพคุณ,^eผู้แปล
|
| 945 ^p90^l0^i004893
|
| 945 ^p0^l0^i004891
|
| 945 ^p90^l0^i004890
|
| 945 ^p90^l0^i004889
|
| 945 ^p0^l0^i004892 |
| 999 ^a57066
|
| คุณยังไม่ได้ล็อกอิน คุณสามารถมีกิจกรรมร่วมกับเว็บไซต์ได้ แต่ต้องล็อกอินก่อน :: |
|
|
|
| ลำดับที่ |
ประเภท |
เลขเรียก/บาร์โค้ด |
สถานที่ |
สถานะ |
| - ไม่พบข้อมูล - |
รายการใกล้เคียง
หัวเรื่อง [สรีรวิทยา]
|
|
ยังไม่เคยถูกคอมเมนท์
|
| คอมเมนท์ทรัพยากรรายการนี้ |
|